| 000 | 00399nam a2200133Ia 4500 | ||
|---|---|---|---|
| 008 | 211119s9999||||xx |||||||||||||| ||und|| | ||
| 082 |
_a823 _bMUK-K |
||
| 100 | _aMukundan, M | ||
| 245 | 0 | _aKesavan`s Lamentations: A Noval | |
| 260 |
_bRupa & Co _aBangalore _c2006 |
||
| 300 | _a232p | ||
| 650 |
_aEnglish Literature _vEnglish FictionEnglish NovelShort StoriesEnglish _xGeneral Stack |
||
| 942 | _cBOOK | ||
| 999 |
_c104822 _d104822 |
||